Sefer Shalme nedarim (Record no. 33760)

MARC details
000 -LEADER
fixed length control field 00798cam a22002291 4500
001 - CONTROL NUMBER
control field he 68003012
003 - CONTROL NUMBER IDENTIFIER
control field DLC
005 - DATE AND TIME OF LATEST TRANSACTION
control field 20260227111504.0
008 - FIXED-LENGTH DATA ELEMENTS--GENERAL INFORMATION
fixed length control field 880725r1967uuuuis 000 0 hebr
010 ## - LIBRARY OF CONGRESS CONTROL NUMBER
LC control number he 68003012
035 ## - SYSTEM CONTROL NUMBER
System control number (OCoLC)18264676
040 ## - CATALOGING SOURCE
Original cataloging agency DLC
Transcribing agency CU
Modifying agency DLC
042 ## - AUTHENTICATION CODE
Authentication code premarc
050 00 - LIBRARY OF CONGRESS CALL NUMBER
Classification number BM506.N43
Item number K34 1967
100 1# - MAIN ENTRY--PERSONAL NAME
Personal name Kaplan, Alexander Sender ben Zerah,
Titles and words associated with a name ha-Kohen,
Dates associated with a name -1884.
245 10 - TITLE STATEMENT
Title Sefer Shalme nedarim
Statement of responsibility, etc. [asafti omarim, hagahot u-veʼurim ʻal masekhet Nedarim ana Aleksander Sender BAA. Zeraḥ ha-Kohen]
260 ## - PUBLICATION, DISTRIBUTION, ETC.
Place of publication, distribution, etc. Yerushalayim,
Name of publisher, distributor, etc. ha-Tenuʻah le-Hafatsat Torah ba-Yishuvim ha-Ḥadashim,
Date of publication, distribution, etc. 728 [1967 or 8]
300 ## - PHYSICAL DESCRIPTION
Extent 122 p.
Dimensions 25 cm.
500 ## - GENERAL NOTE
General note Reprint of Vilna, 1881 ed.
630 00 - SUBJECT ADDED ENTRY--UNIFORM TITLE
Uniform title Talmud.
Name of part/section of a work Nedarim
General subdivision Commentaries.
740 0# - ADDED ENTRY--UNCONTROLLED RELATED/ANALYTICAL TITLE
Uncontrolled related/analytical title Shalme nedarim.

No items available.

Powered by Koha